|
|
|
|
| LEADER |
00000nam a2200000 i 4500 |
| 001 |
1/71540 |
| 008 |
990305s1993 gre d |
| 020 |
|
|
|a 9607051130
|
| 035 |
|
|
|l 10048350
|
| 040 |
|
|
|a GR-MY-UA
|b gre
|e aacr
|
| 041 |
0 |
|
|a gre
|
| 082 |
0 |
|
|a 658.3124
|
| 110 |
2 |
|
|a Ελληνικό Κέντρο Παραγωγικότητας.
|
| 245 |
1 |
2 |
|a Η επιμόρφωση των στελεχών στην ελληνική βιομηχανία
|
| 260 |
|
|
|a Αθήνα :
|b ΕΛΚΕΠΑ,
|c 1993
|
| 300 |
|
|
|a 80 σ.
|
| 504 |
|
|
|a Περιέχει βιβλιογραφία
|
| 650 |
0 |
0 |
|a Employees
|x Training of.
|
| 650 |
0 |
0 |
|a Industries
|z Greece.
|
| 852 |
|
|
|a INST
|b CHIOS
|e 19990305
|h 658.3124 ΕΛΛ
|p 005200014672
|q 005200014672
|t BK
|y 0
|
| 901 |
|
|
|a BIBL-1999-1
|
| 909 |
|
|
|a Χ
|b 055514
|
| 922 |
|
|
|a 2ΔΩΡ
|b 199903
|d ΛΕΜΟΝΙΑ
|